La Revolución de Octubre en una óptica plural. (Aportes) /
Gespeichert in:
| 1. Verfasser: | |
|---|---|
| Format: | Text |
| Sprache: | Spanish |
| Schlagworte: | |
| Tags: |
Tag hinzufügen
Keine Tags, Fügen Sie den ersten Tag hinzu!
|
MARC
| LEADER | 00000 a a2200000 04500 | ||
|---|---|---|---|
| 001 | 10412 | ||
| 003 | cru CIDCACS/IIS | ||
| 005 | 20230103095021.0 | ||
| 008 | 230103b |||||||| |||| 00| 0 spa d | ||
| 040 | |c cru CIDCACS/IIS | ||
| 100 | 1 | |a Gómez, Juan Carlos | |
| 245 | 1 | 3 | |a La Revolución de Octubre en una óptica plural. (Aportes) / |c Juan Carlos Gómez |
| 500 | |a Colección Centroamérica | ||
| 650 | |a MOVIMIENTOS SOCIALES | ||
| 650 | |a DEMOCRACIA | ||
| 650 | |a SOCIEDAD CIVIL | ||
| 650 | |a ESTADO | ||
| 650 | |a CRISIS | ||
| 650 | |a CAPITALISMO | ||
| 650 | |a PARTICIPACION SOCIAL | ||
| 650 | |a POLITICA | ||
| 650 | |a POLITICAS GUBERNAMENTALES | ||
| 773 | |g volumen 17, número 221; páginas 5-12 | ||
| 773 | 0 | |0 42425 |9 8069 |d México, D.F. Noticias de Guatemala |o 22436 |t Noticias de Guatemala, NG / | |
| 942 | |2 ddc |c PP | ||
| 999 | |c 32056 |d 32056 | ||
